[Event "4NCL Division 2b"]
[Site "Hinckley Island ENG"]
[Date "2014.11.15"]
[Round "1.51"]
[White "MacDonald Ross, Michael"]
[Black "Snuverink, Jochem"]
[Result "0-1"]
[WhiteElo "2130"]
[BlackElo "2341"]
[PlyCount "66"]
[EventDate "2014.11.15"]
[WhiteTeam "MK Phoenix 1"]
[BlackTeam "Kings Head"]

1. d4 Nf6 2. Nf3 e6 3. e3 c5 4. Bd3 Qc7 5. b3 cxd4 6. exd4 Bb4+ 7. Bd2 Be7 8.
c4 a6 9. Nc3 d6 10. O-O Nbd7 11. Re1 O-O 12. Nd5 Nxd5 13. cxd5 Nf6 14. Rc1 Qb6
15. dxe6 Bxe6 16. Ng5 d5 17. Bf4 Rac8 18. Rxc8 Rxc8 19. Nxe6 fxe6 20. Qe2 Rc6
21. Be5 Qb4 22. Kf1 Nd7 23. Qh5 Nf8 24. Qg4 g6 25. g3 Qd2 26. Qe2 Qxe2+ 27.
Rxe2 Rc1+ 28. Re1 Rc3 29. Ke2 Nd7 30. Bf4 Bf6 31. Bd2 Rc8 32. Ke3 Nb8 33. Rc1
Nc6 0-1

[Event "4NCL Division 2b"]
[Site "Hinckley Island ENG"]
[Date "2014.11.15"]
[Round "1.52"]
[White "McMichael, Richard J"]
[Black "Tippleston, Charles"]
[Result "1/2-1/2"]
[WhiteElo "2206"]
[BlackElo "2121"]
[PlyCount "105"]
[EventDate "2014.11.15"]
[WhiteTeam "Kings Head"]
[BlackTeam "MK Phoenix 1"]

1. c4 e5 2. Nc3 Nf6 3. g3 Bc5 4. Bg2 Nc6 5. e3 O-O 6. Nge2 a6 7. O-O d6 8. h3
Re8 9. d4 Ba7 10. a3 h6 11. b4 exd4 12. exd4 Ne7 13. a4 d5 14. c5 c6 15. b5 Bb8
16. Bf4 Ng6 17. Bxb8 Rxb8 18. Qd3 Ne7 19. g4 h5 20. Qg3 Ra8 21. Bf3 hxg4 22.
hxg4 Ng6 23. Nf4 Ne4 24. Bxe4 dxe4 25. Nxg6 fxg6 26. bxc6 bxc6 27. Rad1 Qg5 28.
Rde1 Bxg4 29. Nxe4 Qh5 30. f3 Bd7 31. Rf2 Qd5 32. Kg2 g5 33. Rh1 Re6 34. Qxg5
Qxg5+ 35. Nxg5 Re3 36. Kg3 Rae8 37. Rfh2 Kf8 38. Rb1 Ke7 39. Ne4 Rf8 40. Ng5
Rf5 41. Rh4 Ra3 42. Rg4 Kd8 43. Re1 Kc8 44. Re7 Rd5 45. Ne6 g5 46. Kf2 Rxa4 47.
Re4 a5 48. Rg7 Rb4 49. Nxg5 Rbxd4 50. Rg8+ Kb7 51. Rxd4 Rxd4 52. Ke3 Rd5 53.
Ne4 1/2-1/2

[Event "4NCL Division 2b"]
[Site "Hinckley Island ENG"]
[Date "2014.11.15"]
[Round "1.53"]
[White "Brown, Alan"]
[Black "Guthrie, David W"]
[Result "1/2-1/2"]
[WhiteElo "2099"]
[BlackElo "2223"]
[PlyCount "45"]
[EventDate "2014.11.15"]
[WhiteTeam "MK Phoenix 1"]
[BlackTeam "Kings Head"]

1. d4 Nf6 2. c4 g6 3. Nc3 Bg7 4. e4 d6 5. Be2 O-O 6. Bg5 h6 7. Be3 c5 8. d5 e6
9. h3 exd5 10. exd5 Re8 11. Nf3 Bf5 12. Qd2 Kh7 13. Bd3 Ne4 14. Nxe4 Bxe4 15.
Bxe4 Rxe4 16. Qc2 Re8 17. O-O Nd7 18. Rae1 Nf6 19. Bd2 Qd7 20. Bc3 b5 21. b3
bxc4 22. bxc4 Nh5 23. Bxg7 1/2-1/2

[Event "4NCL Division 2b"]
[Site "Hinckley Island ENG"]
[Date "2014.11.15"]
[Round "1.54"]
[White "Lewis, Alex"]
[Black "Reuben, Stewart"]
[Result "0-1"]
[WhiteElo "2183"]
[BlackElo "2089"]
[PlyCount "114"]
[EventDate "2014.11.15"]
[WhiteTeam "Kings Head"]
[BlackTeam "MK Phoenix 1"]

1. e4 c5 2. Nf3 g6 3. g3 Bg7 4. Bg2 Nc6 5. O-O d6 6. d3 e6 7. c3 Nge7 8. Be3
O-O 9. Qc1 f5 10. Bh6 Ne5 11. Bxg7 Kxg7 12. Qe3 Ng4 13. Qe2 e5 14. Nbd2 Be6 15.
Ng5 Qd7 16. f4 h6 17. Nxe6+ Qxe6 18. Nc4 exf4 19. Rxf4 g5 20. Rff1 Rae8 21.
Rae1 Nc6 22. Qd1 f4 23. Nxd6 Qxd6 24. Qxg4 Ne5 25. Qd1 fxg3 26. hxg3 Qxd3 27.
Qxd3 Nxd3 28. Rd1 c4 29. Rxf8 Rxf8 30. Bf1 Rf3 31. Kg2 Rf2+ 32. Kg1 Rxb2 33.
Bxd3 cxd3 34. Rxd3 Kf6 35. a4 Ke5 36. Rd4 Re2 37. Rb4 b6 38. a5 bxa5 39. Ra4
Re3 40. Kf2 Rxc3 41. Rxa5+ Kxe4 42. Ra4+ Kf5 43. Rxa7 h5 44. Ra5+ Kf6 45. Ra6+
Kf5 46. Ra5+ Kg4 47. Rb5 Rf3+ 48. Ke2 Rxg3 49. Kf2 h4 50. Ra5 Kh3 51. Ra1 Rg2+
52. Kf1 g4 53. Ra4 Kh2 54. Ra5 g3 55. Rh5 Rf2+ 56. Ke1 h3 57. Rh6 Rb2 0-1

[Event "4NCL Division 2b"]
[Site "Hinckley Island ENG"]
[Date "2014.11.15"]
[Round "1.55"]
[White "Smith, Graham"]
[Black "Davey, Mark"]
[Result "1/2-1/2"]
[WhiteElo "2046"]
[BlackElo "1995"]
[PlyCount "67"]
[EventDate "2014.11.15"]
[WhiteTeam "MK Phoenix 1"]
[BlackTeam "Kings Head"]

1. e4 c5 2. Nf3 Nc6 3. Bb5 e5 4. Bxc6 bxc6 5. d3 d6 6. h3 Be7 7. c4 f5 8. Nc3
Nf6 9. Bg5 O-O 10. Qd2 Be6 11. b3 a5 12. O-O f4 13. Rfe1 h6 14. Bxf6 Rxf6 15.
Nh2 f3 16. Nxf3 Bxh3 17. Nxe5 dxe5 18. gxh3 Rf3 19. Kg2 Rxd3 20. Qc2 Qd7 21.
Re3 Rxe3 22. fxe3 Rf8 23. Rd1 Qe6 24. Qe2 Bh4 25. Rf1 Rxf1 26. Qxf1 Qg6+ 27.
Kf3 Qh5+ 28. Kg2 Qg5+ 29. Kf3 Qg3+ 30. Ke2 Bg5 31. Qf3 Qh2+ 32. Kd3 Qg1 33. Nd1
Qe1 34. Qg4 1/2-1/2

[Event "4NCL Division 2b"]
[Site "Hinckley Island ENG"]
[Date "2014.11.15"]
[Round "1.56"]
[White "Whitehead, David J"]
[Black "Freeman, Richard"]
[Result "1/2-1/2"]
[WhiteElo "2026"]
[BlackElo "2041"]
[PlyCount "66"]
[EventDate "2014.11.15"]
[WhiteTeam "Kings Head"]
[BlackTeam "MK Phoenix 1"]

1. e4 d5 2. exd5 Nf6 3. d4 Nxd5 4. Nf3 g6 5. Bc4 Bg7 6. O-O O-O 7. c3 Nc6 8.
Bg5 h6 9. Bxd5 Qxd5 10. Bf4 Qd8 11. Na3 a6 12. Nc4 b5 13. Nce5 Nxe5 14. Bxe5
Bxe5 15. Nxe5 Qd5 16. Qf3 Qxf3 17. Nxf3 Bb7 18. Ne5 Rad8 19. Rfe1 Kg7 20. Nd3
Rfe8 21. Nc5 Bc8 22. Re3 f6 23. f4 Kf7 24. Rae1 Rd6 25. b4 Bf5 26. Kf2 Bc8 27.
Kf3 h5 28. h3 h4 29. a3 Bf5 30. Nb7 Rb6 31. Nc5 Rd6 32. Nb7 Rb6 33. Nc5 Rd6
1/2-1/2

[Event "4NCL Division 2b"]
[Site "Hinckley Island ENG"]
[Date "2014.11.15"]
[Round "1.57"]
[White "Grieve, Harry"]
[Black "Mackenzie, Colin"]
[Result "1-0"]
[WhiteElo "1882"]
[BlackElo "2065"]
[PlyCount "69"]
[EventDate "2014.11.15"]
[WhiteTeam "MK Phoenix 1"]
[BlackTeam "Kings Head"]

1. d4 e6 2. e4 d5 3. exd5 exd5 4. Nf3 Bd6 5. h3 Bf5 6. c4 c6 7. Nc3 Ne7 8. Qb3
Qd7 9. c5 Bc7 10. Qxb7 O-O 11. Qxa8 Ba5 12. Be2 Qc7 13. O-O Ng6 14. Nxd5 cxd5
15. Qxd5 Ne7 16. Qe5 Qd7 17. Bf4 Ng6 18. Qd6 Qb7 19. Bh2 Rd8 20. Qg3 Qxb2 21.
Bc4 Nc6 22. d5 Nd4 23. c6 Be4 24. Rfd1 Bxf3 25. gxf3 Nh4 26. Rab1 Ndxf3+ 27.
Kh1 Qc2 28. Rdc1 Qe4 29. Qf4 Qg6 30. Bg3 Bd2 31. Rb8 h5 32. Rxd8+ Kh7 33. Qb8
Qe4 34. Rh8+ Kg6 35. Qb1 1-0

[Event "4NCL Division 2b"]
[Site "Hinckley Island ENG"]
[Date "2014.11.15"]
[Round "1.61"]
[White "Gantner, Matthias"]
[Black "Lund, Brett"]
[Result "1/2-1/2"]
[WhiteElo "2236"]
[BlackElo "2259"]
[PlyCount "89"]
[EventDate "2014.11.15"]
[WhiteTeam "White Rose 2"]
[BlackTeam "Spirit of Atticus A"]

1. e4 c5 2. Nf3 e6 3. d4 cxd4 4. Nxd4 a6 5. Nc3 Qc7 6. a3 Nf6 7. g4 h6 8. Qf3
Nc6 9. Nxc6 dxc6 10. h4 e5 11. g5 hxg5 12. hxg5 Rxh1 13. Qxh1 Ng8 14. Be3 b5
15. O-O-O Ne7 16. Bh3 Bxh3 17. Qxh3 Qc8 18. Qg3 Ng6 19. f4 exf4 20. Bxf4 Qe6
21. Bb8 Qc8 22. Bd6 Bxd6 23. Qxd6 Ra7 24. Rh1 Re7 25. Rh7 Re6 26. Qd4 Qd8 27.
Qxg7 Qxg5+ 28. Kb1 Qf6 29. Qg8+ Nf8 30. Rh1 a5 31. Qg2 Qe5 32. Rd1 Re7 33. Qf2
Rd7 34. Re1 Rb7 35. Nd5 Nd7 36. Nf4 b4 37. Nd3 Qe7 38. axb4 axb4 39. e5 b3 40.
cxb3 Rxb3 41. Qc2 Rb6 42. Qc3 Qe6 43. Kc2 Rb5 44. Re4 Qg6 45. Qd4 1/2-1/2

[Event "4NCL Division 2b"]
[Site "Hinckley Island ENG"]
[Date "2014.11.15"]
[Round "1.62"]
[White "Ivell, Nicholas"]
[Black "Adams, David"]
[Result "1/2-1/2"]
[WhiteElo "2268"]
[BlackElo "2199"]
[PlyCount "30"]
[EventDate "2014.11.15"]
[WhiteTeam "Spirit of Atticus A"]
[BlackTeam "White Rose 2"]

1. c4 c6 2. g3 d5 3. Bg2 e5 4. d4 dxc4 5. e3 Be6 6. Ne2 Nf6 7. O-O Nbd7 8. Nbc3
Be7 9. f4 exd4 10. Nxd4 Nc5 11. Nxe6 fxe6 12. Qf3 Qb6 13. Qe2 Nd3 14. Bd2 O-O-O
15. b3 cxb3 1/2-1/2

[Event "4NCL Division 2b"]
[Site "Hinckley Island ENG"]
[Date "2014.11.15"]
[Round "1.63"]
[White "Weller, Jean-Luc"]
[Black "Carleton, John J"]
[Result "1/2-1/2"]
[WhiteElo "2240"]
[BlackElo "2242"]
[PlyCount "53"]
[EventDate "2014.11.15"]
[WhiteTeam "White Rose 2"]
[BlackTeam "Spirit of Atticus A"]

1. d4 d5 2. c4 e6 3. Nc3 Bb4 4. Nf3 Nf6 5. cxd5 exd5 6. Bg5 Qd6 7. Bxf6 Qxf6 8.
Qa4+ Nc6 9. Ne5 Bd7 10. Nxc6 Bxc3+ 11. bxc3 Bxc6 12. Qa3 Bb5 13. f3 a6 14. Qb4
Qh6 15. a4 Bc4 16. Kf2 O-O-O 17. Rb1 b6 18. Qb2 Rhe8 19. Qc1 Qc6 20. a5 b5 21.
e3 Rd6 22. Bxc4 Qxc4 23. Qd2 Rde6 24. Rhe1 Rc6 25. Rbc1 Rce6 26. Qc2 g6 27. Re2
1/2-1/2

[Event "4NCL Division 2b"]
[Site "Hinckley Island ENG"]
[Date "2014.11.15"]
[Round "1.64"]
[White "Smith, Andrew P"]
[Black "Burnett, Jim"]
[Result "1/2-1/2"]
[WhiteElo "2151"]
[BlackElo "2096"]
[PlyCount "97"]
[EventDate "2014.11.15"]
[WhiteTeam "Spirit of Atticus A"]
[BlackTeam "White Rose 2"]

1. e4 e6 2. d4 d5 3. Nc3 Bb4 4. e5 c5 5. a3 Bxc3+ 6. bxc3 Ne7 7. Qg4 Qc7 8.
Qxg7 Rg8 9. Qxh7 cxd4 10. Ne2 dxc3 11. h4 Nbc6 12. Rh3 Qxe5 13. Bg5 Rh8 14. Qd3
Bd7 15. O-O-O f6 16. f4 Qd6 17. Qxc3 e5 18. fxe5 Nxe5 19. Re3 Rc8 20. Qb2 Nc4
21. Rxd5 Nxb2 22. Rxd6 Nc4 23. Rxe7+ Kxe7 24. Rxf6 Ke8 25. Rf3 Rf8 26. Nf4 Bf5
27. Rc3 b5 28. Nd5 Be6 29. Nf4 Bf5 30. Be2 Kd7 31. Nd5 Nd6 32. Nf6+ Ke6 33.
Re3+ Kf7 34. Bh5+ Kg7 35. Re7+ Nf7 36. Bxf7 Rxf7 37. Ne8+ Kg8 38. Rxf7 Rxc2+
39. Kd1 Kxf7 40. Nd6+ Kg6 41. Nxf5 Rxg2 42. Ne3 Ra2 43. Nc2 Rb2 44. Bd8 Rb3 45.
Kd2 a6 46. Be7 Kf7 47. Bc5 Rh3 48. Bf2 a5 49. Ne3 1/2-1/2

[Event "4NCL Division 2b"]
[Site "Hinckley Island ENG"]
[Date "2014.11.15"]
[Round "1.65"]
[White "Shaw, Peter"]
[Black "Mitchell, Martin"]
[Result "1/2-1/2"]
[WhiteElo "2153"]
[BlackElo "2182"]
[PlyCount "138"]
[EventDate "2014.11.15"]
[WhiteTeam "White Rose 2"]
[BlackTeam "Spirit of Atticus A"]

1. d4 Nf6 2. c4 e6 3. Nc3 Bb4 4. Qc2 c5 5. dxc5 Nc6 6. Nf3 Bxc5 7. Bg5 h6 8.
Bh4 b6 9. e3 Bb7 10. Be2 Rc8 11. O-O O-O 12. Rfd1 Be7 13. Rac1 Na5 14. b3 a6
15. Qb2 d6 16. h3 Ne8 17. Bxe7 Qxe7 18. Na4 b5 19. cxb5 Rxc1 20. Rxc1 axb5 21.
Qc3 bxa4 22. Qxa5 axb3 23. axb3 Nf6 24. Qc7 Qxc7 25. Rxc7 Rb8 26. Nd4 e5 27.
Nf5 Ne8 28. Rd7 Be4 29. Bc4 Bxf5 30. Rxf7 Kh7 31. Rxf5 Nf6 32. g4 d5 33. Be2 e4
34. Bd1 Kg6 35. f3 exf3 36. Rxf3 Rc8 37. Rf1 Rc3 38. Re1 Ne4 39. b4 Rc1 40. Rf1
Nd2 41. Re1 Nf3+ 42. Bxf3 Rxe1+ 43. Kf2 Rb1 44. Bxd5 Rxb4 45. Kg3 Kf6 46. h4
Ke5 47. Bf3 Rb3 48. Kf2 Ra3 49. Bb7 Ra7 50. Bf3 Rf7 51. Kg3 Kd6 52. Bg2 g5 53.
hxg5 hxg5 54. Be4 Kc5 55. Bf5 Re7 56. Kf3 Kb4 57. Ke2 Kc3 58. Bg6 Re6 59. Bf5
Re8 60. Bg6 Rd8 61. Bf5 Rd6 62. Bh7 Rh6 63. Bf5 Rh2+ 64. Ke1 Rg2 65. Kf1 Rh2
66. Ke1 Rd2 67. Bg6 Rg2 68. Bf5 Rh2 69. Bg6 Rg2 1/2-1/2

[Event "4NCL Division 2b"]
[Site "Hinckley Island ENG"]
[Date "2014.11.15"]
[Round "1.66"]
[White "Jackson, Sheila"]
[Black "O’Driscoll, Kieran"]
[Result "1/2-1/2"]
[WhiteElo "2143"]
[BlackElo "2089"]
[PlyCount "75"]
[EventDate "2014.11.15"]
[WhiteTeam "Spirit of Atticus A"]
[BlackTeam "White Rose 2"]

1. e4 d5 2. exd5 Nf6 3. d4 Bg4 4. Nf3 Nxd5 5. Be2 e6 6. O-O Be7 7. c3 Nd7 8.
Nbd2 O-O 9. h3 Bh5 10. Ne4 c5 11. dxc5 Nxc5 12. Ng3 Bg6 13. Ne5 Qc7 14. Nxg6
hxg6 15. Bf3 Rad8 16. Qc2 Rd7 17. Bd2 Rfd8 18. Rad1 Bf6 19. Ne4 Nxe4 20. Qxe4
Qe5 21. Qxe5 Bxe5 22. g3 b6 23. Rfe1 Bf6 24. c4 Ne7 25. Bc1 Nf5 26. Rxd7 Rxd7
27. b3 Nd4 28. Bd1 Kf8 29. h4 Ke8 30. Bf4 Kd8 31. Kg2 a5 32. a3 Be7 33. Bc1 Kc7
34. Bb2 Bf6 35. Bc1 Be7 36. Bb2 Bf6 37. Bc1 Be7 38. Bb2 1/2-1/2

[Event "4NCL Division 2b"]
[Site "Hinckley Island ENG"]
[Date "2014.11.15"]
[Round "1.67"]
[White "Weller, Pierre"]
[Black "Ackley, Peter J"]
[Result "0-1"]
[WhiteElo "2092"]
[BlackElo "2030"]
[PlyCount "74"]
[EventDate "2014.11.15"]
[WhiteTeam "White Rose 2"]
[BlackTeam "Spirit of Atticus A"]

1. d4 g6 2. c4 Bg7 3. Nf3 d6 4. e4 Nd7 5. Be2 e5 6. d5 Ngf6 7. Nc3 Nc5 8. Qc2
a5 9. Bg5 h6 10. Bh4 Bd7 11. Nd2 O-O 12. O-O Qe8 13. b3 c6 14. a3 cxd5 15. cxd5
g5 16. Bg3 Qb8 17. f3 Rc8 18. a4 Nh5 19. Bf2 Nf4 20. Bb5 Bxb5 21. axb5 Nxb3 22.
Nxb3 Rxc3 23. Qb2 a4 24. Nc1 Qc8 25. Na2 Rc2 26. Qa3 Bf8 27. g3 Nh3+ 28. Kg2
Rxf2+ 29. Rxf2 Nxf2 30. Kxf2 Qc2+ 31. Kg1 Qb3 32. Nc3 Rc8 33. Nxa4 Qxb5 34. Nc3
Qd3 35. Nd1 Qd4+ 36. Nf2 Rc3 37. Qa4 Rc1+ 0-1

[Event "4NCL Division 2b"]
[Site "Hinckley Island ENG"]
[Date "2014.11.15"]
[Round "1.71"]
[White "Sands, David"]
[Black "Thompson, Ian D"]
[Result "1/2-1/2"]
[WhiteElo "2194"]
[BlackElo "2197"]
[PlyCount "44"]
[EventDate "2014.11.15"]
[WhiteTeam "Barbican 4NCL Youth"]
[BlackTeam "BCM Dragons (1)"]

1. d4 d5 2. Nf3 Nf6 3. c4 c6 4. e3 e6 5. b3 Bb4+ 6. Nbd2 Nbd7 7. Bb2 O-O 8. Bd3
c5 9. cxd5 exd5 10. O-O Re8 11. Qc2 cxd4 12. exd4 Bd6 13. Rfe1 Nf8 14. Nf1 Be6
15. Rac1 Rc8 16. Qb1 Rxc1 17. Qxc1 Qa5 18. Qa1 Ng6 19. Bc3 Qb6 20. Ng3 Nf4 21.
Bf1 Rc8 22. Bd2 Ng6 1/2-1/2

[Event "4NCL Division 2b"]
[Site "Hinckley Island ENG"]
[Date "2014.11.15"]
[Round "1.72"]
[White "Coates, Kenneth G"]
[Black "Moss, Guy"]
[Result "1/2-1/2"]
[WhiteElo "2153"]
[BlackElo "2019"]
[PlyCount "66"]
[EventDate "2014.11.15"]
[WhiteTeam "BCM Dragons (1)"]
[BlackTeam "Barbican 4NCL Youth"]

1. d4 d5 2. Nf3 Nf6 3. Bf4 c6 4. e3 Bf5 5. c4 e6 6. Nc3 h6 7. Be2 Nbd7 8. h3
Be7 9. O-O O-O 10. Qb3 Qb6 11. c5 Qxb3 12. axb3 b6 13. b4 a5 14. cxb6 Bxb4 15.
Na4 Bc2 16. Bc7 Ne8 17. Rfc1 Bxa4 18. Rxa4 Nxc7 19. bxc7 Rfc8 20. Rxc6 Ra7 21.
Ra1 Raxc7 22. Rxc7 Rxc7 23. Bd3 Kf8 24. Kf1 Ke7 25. Ke2 Kd6 26. Nd2 Nb6 27. Kd1
Nc4 28. Bxc4 dxc4 29. Ne4+ Kd5 30. Nc3+ Kc6 31. Kc2 Rb7 32. Ra2 f5 33. Ra1 Rd7
1/2-1/2

[Event "4NCL Division 2b"]
[Site "Hinckley Island ENG"]
[Date "2014.11.15"]
[Round "1.73"]
[White "O’Donnell, Conor"]
[Black "Fegan, Chris"]
[Result "1-0"]
[WhiteElo "2153"]
[BlackElo "2094"]
[PlyCount "97"]
[EventDate "2014.11.15"]
[WhiteTeam "Barbican 4NCL Youth"]
[BlackTeam "BCM Dragons (1)"]

1. e4 d6 2. d4 Nf6 3. Nc3 g6 4. f4 Bg7 5. Nf3 c5 6. Bb5+ Bd7 7. e5 Ng4 8. e6
fxe6 9. Ng5 Bxb5 10. Nxe6 Bxd4 11. Nxb5 Qa5+ 12. Qd2 Bf2+ 13. Kd1 Ne3+ 14. Ke2
Qxb5+ 15. Kxf2 Ng4+ 16. Kg3 Qd7 17. Re1 Nf6 18. b3 Nc6 19. Bb2 Nd4 20. Bxd4
cxd4 21. Qxd4 Rc8 22. Re2 Kf7 23. c4 b6 24. h3 Rhe8 25. Kh2 b5 26. cxb5 Qxb5
27. Rae1 Qb6 28. Ng5+ Kg8 29. Qxb6 axb6 30. Rxe7 Rxe7 31. Rxe7 Nd5 32. Rxh7 Rc2
33. Rd7 Nxf4 34. Kg3 Ne2+ 35. Kh4 Nf4 36. g3 Ng2+ 37. Kg4 Rf2 38. Ne6 Rf5 39.
h4 Ne3+ 40. Kh3 Rf1 41. g4 Rf3+ 42. Kh2 Rf2+ 43. Kg3 Rxa2 44. Kf4 Ng2+ 45. Kg5
Ra5+ 46. Kh6 Ne3 47. Kxg6 Ra8 48. Rg7+ Kh8 49. Ng5 1-0

[Event "4NCL Division 2b"]
[Site "Hinckley Island ENG"]
[Date "2014.11.15"]
[Round "1.74"]
[White "Purdon, Colin"]
[Black "Hodgson, John"]
[Result "0-1"]
[WhiteElo "2082"]
[BlackElo "2104"]
[PlyCount "162"]
[EventDate "2014.11.15"]
[WhiteTeam "BCM Dragons (1)"]
[BlackTeam "Barbican 4NCL Youth"]

1. d4 Nf6 2. c4 g6 3. Nc3 d5 4. cxd5 Nxd5 5. Bd2 Bg7 6. e4 Nxc3 7. Bxc3 O-O 8.
Bc4 c5 9. d5 e6 10. Nf3 exd5 11. Bxd5 Nd7 12. O-O Nb6 13. Qb3 Nxd5 14. exd5 b6
15. Rfe1 Bb7 16. Rad1 h6 17. Ne5 Qg5 18. Nf3 Qd8 19. Re3 Qd6 20. Ne5 Rad8 21.
Nc4 Qf4 22. Bxg7 Kxg7 23. Rf3 Qg5 24. Ne3 Rfe8 25. h3 h5 26. Rg3 Qf6 27. Qc3
Qxc3 28. bxc3 Re4 29. c4 Kf8 30. Rf3 Ke7 31. g4 hxg4 32. hxg4 Ba6 33. Rc1 Rh8
34. Kg2 Bc8 35. Kg3 Rd4 36. Rd1 Ba6 37. Rf4 Rxd1 38. Nxd1 Rh1 39. Ne3 Rh8 40.
Re4+ Kd6 41. Rf4 Rf8 42. g5 Bc8 43. Rf6+ Ke5 44. Rc6 Kd4 45. Rc7 Ba6 46. Rxa7
Bxc4 47. d6 Be6 48. Rb7 Bxa2 49. Rxb6 Be6 50. Kf3 c4 51. Ke2 Kc5 52. Ra6 Rd8
53. Ra5+ Kb6 54. Ra1 Rxd6 55. Rc1 Kc5 56. Rc2 Rd8 57. f3 Rh8 58. Ng2 Rh5 59. f4
Kb4 60. Rb2+ Kc3 61. Rb5 Bf5 62. Ne3 Rh2+ 63. Kf3 Be6 64. f5 Bxf5 65. Nxf5 gxf5
66. Rxf5 Rh7 67. Ke4 Kb4 68. Rf6 Rh4+ 69. Ke3 Rg4 70. Rxf7 Rxg5 71. Rb7+ Kc3
72. Ke2 Rd5 73. Rh7 Kc2 74. Rc7 Re5+ 75. Kf3 c3 76. Rb7 Kc1 77. Rh7 c2 78. Rd7
Kb2 79. Rb7+ Kc3 80. Rc7+ Kb3 81. Kf2 Re4 0-1

[Event "4NCL Division 2b"]
[Site "Hinckley Island ENG"]
[Date "2014.11.15"]
[Round "1.75"]
[White "Stewart, Ashley"]
[Black "Richardson, Keith B"]
[Result "1/2-1/2"]
[WhiteElo "2075"]
[BlackElo "2040"]
[PlyCount "82"]
[EventDate "2014.11.15"]
[WhiteTeam "Barbican 4NCL Youth"]
[BlackTeam "BCM Dragons (1)"]

1. c4 g6 2. Nc3 Bg7 3. g3 e5 4. Bg2 Nc6 5. d3 f5 6. e4 Nf6 7. Nge2 O-O 8. O-O
d6 9. Nd5 Nxd5 10. cxd5 Nd4 11. Nxd4 exd4 12. Bd2 fxe4 13. dxe4 c5 14. dxc6
bxc6 15. Qb3+ Kh8 16. Rac1 Ba6 17. Rfe1 Rc8 18. Qa3 Bb5 19. Bf4 Be5 20. Bh6 Re8
21. Qxa7 Ra8 22. Qf7 Qf6 23. Qxf6+ Bxf6 24. e5 Rxe5 25. Rxe5 Bxe5 26. Bxc6 Bxc6
27. Rxc6 d3 28. b3 Kg8 29. a4 Rb8 30. a5 Rxb3 31. a6 Ra3 32. Be3 Kf7 33. Rc7+
Ke6 34. a7 Bd4 35. Kf1 Bxe3 36. fxe3 Ra1+ 37. Kf2 d2 38. a8=Q Rxa8 39. Ke2 h5
40. Rc2 Ra4 41. Rxd2 Ke5 1/2-1/2

[Event "4NCL Division 2b"]
[Site "Hinckley Island ENG"]
[Date "2014.11.15"]
[Round "1.76"]
[White "Scrimgour, Alan"]
[Black "Brett, Andrew"]
[Result "1/2-1/2"]
[WhiteElo "2026"]
[BlackElo "2122"]
[PlyCount "55"]
[EventDate "2014.11.15"]
[WhiteTeam "BCM Dragons (1)"]
[BlackTeam "Barbican 4NCL Youth"]

1. e4 e5 2. Nf3 Nc6 3. Bb5 a6 4. Ba4 Nf6 5. O-O Be7 6. Re1 b5 7. Bb3 O-O 8. c3
d6 9. d4 Bg4 10. d5 Na5 11. Bc2 c6 12. h3 Bc8 13. dxc6 Qc7 14. Nbd2 Qxc6 15.
Nf1 Nc4 16. Ng3 Re8 17. a4 Be6 18. Ng5 Bd7 19. b3 Na5 20. axb5 axb5 21. Bd2 h6
22. Nf3 Be6 23. Nh4 Nb7 24. Qf3 Rxa1 25. Rxa1 d5 26. Nhf5 Bd8 27. Ra8 Qd7 28.
Be3 1/2-1/2

[Event "4NCL Division 2b"]
[Site "Hinckley Island ENG"]
[Date "2014.11.15"]
[Round "1.77"]
[White "Goldie, Thomas"]
[Black "Foley, John P"]
[Result "1-0"]
[WhiteElo "1989"]
[BlackElo "2007"]
[PlyCount "121"]
[EventDate "2014.11.15"]
[WhiteTeam "Barbican 4NCL Youth"]
[BlackTeam "BCM Dragons (1)"]

1. e4 c6 2. d4 d5 3. Nc3 dxe4 4. Nxe4 Nf6 5. Nxf6+ exf6 6. c3 Bd6 7. Bd3 Nd7 8.
Ne2 Qc7 9. Ng3 O-O 10. O-O Re8 11. Qc2 Nf8 12. Bd2 Bd7 13. c4 Rad8 14. Bc3 h6
15. Rfd1 Ne6 16. Bf1 Ng5 17. d5 c5 18. Re1 h5 19. h4 Bxg3 20. fxg3 Nh7 21. Qf2
b6 22. Bd3 Nf8 23. Qf4 Qc8 24. Rad1 Bg4 25. Rxe8 Rxe8 26. Rf1 Ng6 27. Bxg6 fxg6
28. Qd6 Qd8 29. Qc6 Qd7 30. Qxd7 Bxd7 31. Rf2 Bf5 32. Rd2 Kf7 33. Kf2 Re4 34.
b3 Ke7 35. Rb2 Kd7 36. Bd2 Bg4 37. Bf4 Kc8 38. Bd6 g5 39. hxg5 fxg5 40. Bf8 g6
41. Bh6 Re5 42. a3 h4 43. gxh4 gxh4 44. Bf4 Re4 45. Bg5 h3 46. gxh3 Bxh3 47.
Be3 Bf5 48. Re2 Rh4 49. Kg3 Re4 50. Kf2 Rh4 51. Bg5 Rh2+ 52. Ke3 Rh3+ 53. Kf4
Rxb3 54. Re7 Rc3 55. Ke5 Rxc4 56. Kd6 Re4 57. Rxa7 Kb8 58. Rg7 Re8 59. Kc6 Be4
60. Bf4+ Ka8 61. Kxb6 1-0

[Event "4NCL Division 2b"]
[Site "Hinckley Island ENG"]
[Date "2014.11.15"]
[Round "1.78"]
[White "Head, Louise"]
[Black "Keen, Cosima"]
[Result "1-0"]
[WhiteElo "1902"]
[BlackElo "1821"]
[PlyCount "71"]
[EventDate "2014.11.15"]
[WhiteTeam "BCM Dragons (1)"]
[BlackTeam "Barbican 4NCL Youth"]

1. d4 Nf6 2. c4 e6 3. Nf3 b6 4. a3 d5 5. cxd5 exd5 6. Nc3 Be7 7. Bg5 O-O 8. e3
Bb7 9. Bd3 Nbd7 10. O-O c5 11. Rc1 Rc8 12. Bf5 Ne8 13. Ne5 Nxe5 14. Bxe7 Qxe7
15. Bxc8 Bxc8 16. Nxd5 Qe6 17. Nf4 Qd6 18. dxe5 Qxe5 19. b4 Ba6 20. Re1 cxb4
21. axb4 Qb5 22. Nd5 Bb7 23. e4 Bxd5 24. exd5 Qxb4 25. Rc8 Nd6 26. Rxf8+ Kxf8
27. Qe2 g6 28. Qe5 Kg8 29. h4 h5 30. Rc1 Kh7 31. Rc6 Nf5 32. Rc8 Ng7 33. d6 Qg4
34. Rc7 Qd1+ 35. Kh2 Qb3 36. d7 1-0

[Event "4NCL Division 2b"]
[Site "Hinckley Island ENG"]
[Date "2014.11.15"]
[Round "1.81"]
[White "McGowan, Daniel"]
[Black "Lock, Gavin R"]
[Result "1/2-1/2"]
[WhiteElo "2108"]
[BlackElo "2152"]
[PlyCount "35"]
[EventDate "2014.11.15"]
[WhiteTeam "Grantham Sharks 2"]
[BlackTeam "Wessex"]

1. e4 e6 2. d4 d5 3. Nd2 Be7 4. c3 c5 5. Ngf3 Nf6 6. Bd3 Nc6 7. dxc5 dxe4 8.
Nxe4 Nxe4 9. Bxe4 Qxd1+ 10. Kxd1 Bxc5 11. Ke2 Bd7 12. Be3 Bxe3 13. Kxe3 Ke7 14.
Rhd1 h6 15. Bxc6 Bxc6 16. Ne5 Rhc8 17. Nxc6+ Rxc6 18. Rd2 1/2-1/2

[Event "4NCL Division 2b"]
[Site "Hinckley Island ENG"]
[Date "2014.11.15"]
[Round "1.82"]
[White "Simons, Martin J"]
[Black "Varnam, Liam D"]
[Result "0-1"]
[WhiteElo "2081"]
[BlackElo "2124"]
[PlyCount "102"]
[EventDate "2014.11.15"]
[WhiteTeam "Wessex"]
[BlackTeam "Grantham Sharks 2"]

1. d4 d5 2. e4 dxe4 3. Nc3 Nf6 4. f3 exf3 5. Nxf3 e6 6. Bg5 Be7 7. Bd3 Nbd7 8.
O-O c5 9. dxc5 Nxc5 10. Bb5+ Bd7 11. Qe2 Qb6 12. Kh1 Bxb5 13. Qxb5+ Qxb5 14.
Nxb5 O-O 15. Rad1 Nce4 16. Be3 a6 17. Nbd4 Bc5 18. Ne5 Rad8 19. c3 Rd5 20. Nd3
Ba7 21. Rf3 Rfd8 22. Nb4 R5d7 23. Re1 e5 24. Nf5 Rd1 25. Rff1 Rxe1 26. Rxe1
Bxe3 27. Nxe3 a5 28. Nbc2 Rd2 29. Kg1 Kf8 30. Rd1 Rxd1+ 31. Nxd1 Nd5 32. Kf1
Ke7 33. Ke2 f5 34. g3 g5 35. Nde3 Nxe3 36. Nxe3 Nd6 37. b4 a4 38. c4 f4 39.
Nd5+ Ke6 40. Nb6 a3 41. gxf4 gxf4 42. Kd3 e4+ 43. Kd4 f3 44. Ke3 Nf5+ 45. Kf2
Ke5 46. c5 Kd4 47. Nc8 Kd3 48. Nd6 e3+ 49. Kxf3 Nd4+ 50. Kg2 e2 51. Kf2 Nc2 0-1

[Event "4NCL Division 2b"]
[Site "Hinckley Island ENG"]
[Date "2014.11.15"]
[Round "1.83"]
[White "Birtwistle, Nigel"]
[Black "Pleasants, Allan J"]
[Result "1/2-1/2"]
[WhiteElo "2138"]
[BlackElo "2109"]
[PlyCount "79"]
[EventDate "2014.11.15"]
[WhiteTeam "Grantham Sharks 2"]
[BlackTeam "Wessex"]

1. Nf3 g6 2. g3 Bg7 3. d4 Nf6 4. Bg2 O-O 5. O-O d5 6. c4 c6 7. cxd5 cxd5 8. Nc3
Nc6 9. Ne5 e6 10. Nxc6 bxc6 11. Na4 Nd7 12. Bf4 Ba6 13. Rc1 Rc8 14. Qd2 Re8 15.
Rfe1 Bb5 16. Nc3 Qb6 17. Be3 a5 18. h4 Qa6 19. h5 Nb6 20. b3 a4 21. hxg6 hxg6
22. Bh6 axb3 23. axb3 Qa3 24. Bxg7 Kxg7 25. Nxb5 cxb5 26. Qe3 Nd7 27. Bf3 Qd6
28. Kg2 Rxc1 29. Rxc1 b4 30. Qd2 Rb8 31. Ra1 Rc8 32. Rh1 Rh8 33. Rxh8 Kxh8 34.
Qc2 Kg7 35. e3 Kf6 36. Qc8 Ke7 37. Be2 Qb8 38. Qc6 Qd6 39. Qa4 Nf6 40. Qa7+
1/2-1/2